<?xml version="1.0" encoding="UTF-8"?>
<collection xmlns:xsi="http://www.w3.org/2001/XMLSchema-instance" xsi:schemaLocation="http://www.loc.gov/MARC21/slim http://www.loc.gov/standards/marcxml/schema/MARC21slim.xsd" xmlns="http://www.loc.gov/MARC21/slim">
 <record>
  <leader>00000cab a22000003a 4500</leader>
  <controlfield tag="001">UP-99796217609638328</controlfield>
  <controlfield tag="003">Buklod</controlfield>
  <controlfield tag="005">20231007234503.0</controlfield>
  <controlfield tag="006">m    |o  d |      </controlfield>
  <controlfield tag="007">ta</controlfield>
  <controlfield tag="008">110126s        xx     d | ||r |||||   ||</controlfield>
  <datafield tag="040" ind1=" " ind2=" ">
   <subfield code="a">DENGII</subfield>
  </datafield>
  <datafield tag="041" ind1=" " ind2=" ">
   <subfield code="a">eng</subfield>
  </datafield>
  <datafield tag="100" ind1="0" ind2=" ">
   <subfield code="a">Ming Kang</subfield>
  </datafield>
  <datafield tag="245" ind1="0" ind2="0">
   <subfield code="a">Quadratic forms in complex Gaussian matrices and performance analysis of MIMO systems with cochannel interference.</subfield>
  </datafield>
  <datafield tag="300" ind1=" " ind2=" ">
   <subfield code="a">pp. 418-431</subfield>
  </datafield>
  <datafield tag="520" ind1=" " ind2=" ">
   <subfield code="a">This paper establishes an analytical framework for the performance analysis of multiple-input/multiple output (MIMO) systems subject to cochannel interference and operating over fading channels. First, we present some new statistical results dealing with the distribution of the largest eigenvalue of certain quadratic forms in complex Gaussian matrices and establish the connection between these results and the performance analysis of MIMO systems subject to cochannel interference. We consider interference limited systems in which the number of cochannel interferers exceeds or is equal to the number of receiving antenna elements. We then derive new &quot;closed-form&quot; expressions of the probability density function of the outage signal-to-interference ratio and the system outage probability for MIMO systems in Rician-Rayleigh (i.e., the desired user is subject to Rician fading while cochannel interferers are subject to Rayleigh fading) and Rayleigh-Rayleigh fading environments. When applicable, these expressions are compared to special cases previously reported in the literature dealing with the performance of single-input/multiple-output (SIMO) systems. As a double check, these analytical results and assumptions are validated by Monte Carlo simulations and as an illustration of the mathematical formalism some numerical examples for particular cases of interests are plotted and discussed. These results show that under the same the scattering and interfering conditions and given a fixed number of total antenna elements and cochannel interferers: 1) SIMO systems will always outperform multiple-input/single-output systems and 2) it is preferable to distribute the number of antenna elements evenly between the transmitter and the receiver for an optimum performance.</subfield>
  </datafield>
  <datafield tag="653" ind1=" " ind2=" ">
   <subfield code="a">MIMO systems.</subfield>
  </datafield>
  <datafield tag="653" ind1=" " ind2=" ">
   <subfield code="a">Monte Carlo simulations.</subfield>
  </datafield>
  <datafield tag="653" ind1=" " ind2=" ">
   <subfield code="a">Rayleigh-Rayleigh fading channel.</subfield>
  </datafield>
  <datafield tag="653" ind1=" " ind2=" ">
   <subfield code="a">Rician-Rayleigh fading channel.</subfield>
  </datafield>
  <datafield tag="653" ind1=" " ind2=" ">
   <subfield code="a">Adaptive antenna.</subfield>
  </datafield>
  <datafield tag="653" ind1=" " ind2=" ">
   <subfield code="a">Cochannel interference.</subfield>
  </datafield>
  <datafield tag="653" ind1=" " ind2=" ">
   <subfield code="a">Complex Gaussian matrices.</subfield>
  </datafield>
  <datafield tag="653" ind1=" " ind2=" ">
   <subfield code="a">Fading channels.</subfield>
  </datafield>
  <datafield tag="653" ind1=" " ind2=" ">
   <subfield code="a">Interference suppression.</subfield>
  </datafield>
  <datafield tag="653" ind1=" " ind2=" ">
   <subfield code="a">Mathematical formalism.</subfield>
  </datafield>
  <datafield tag="653" ind1=" " ind2=" ">
   <subfield code="a">Multiple input multiple output system.</subfield>
  </datafield>
  <datafield tag="653" ind1=" " ind2=" ">
   <subfield code="a">Optimum combining.</subfield>
  </datafield>
  <datafield tag="653" ind1=" " ind2=" ">
   <subfield code="a">Performance analysis.</subfield>
  </datafield>
  <datafield tag="653" ind1=" " ind2=" ">
   <subfield code="a">Probability density function.</subfield>
  </datafield>
  <datafield tag="653" ind1=" " ind2=" ">
   <subfield code="a">Random matrix theory.</subfield>
  </datafield>
  <datafield tag="653" ind1=" " ind2=" ">
   <subfield code="a">Receiving antenna elements.</subfield>
  </datafield>
  <datafield tag="653" ind1=" " ind2=" ">
   <subfield code="a">Signal-to-interference ratio.</subfield>
  </datafield>
  <datafield tag="653" ind1=" " ind2=" ">
   <subfield code="a">Smart antenna.</subfield>
  </datafield>
  <datafield tag="773" ind1="0" ind2=" ">
   <subfield code="t">IEEE Transactions on wireless communications</subfield>
   <subfield code="g">3, 2 (2004).</subfield>
  </datafield>
  <datafield tag="905" ind1=" " ind2=" ">
   <subfield code="a">FO</subfield>
  </datafield>
  <datafield tag="852" ind1=" " ind2=" ">
   <subfield code="a">UPD</subfield>
   <subfield code="b">DENG-II</subfield>
  </datafield>
  <datafield tag="942" ind1=" " ind2=" ">
   <subfield code="a">Article</subfield>
  </datafield>
 </record>
</collection>
